Adsorpčná rovnováha fruktozyltransferázy na slabom anexe

Salvato in:
Dettagli Bibliografici
Autore principale: Vaňková, Katarína
Natura: Libro
Lingua:slovacco
Pubblicazione: Bratislava STU FCHPT 2006
Accesso online:Visualizza in OPAC
Tags: Aggiungi Tag
Nessun Tag, puoi essere il primo ad aggiungerne!!

MARC

LEADER 00000nam a2200000 a 4500
005 20260127133930.0
008 060607 2006 xo 000 0 slo d
035 |a vtls008774268 
039 9 |y 200606191109  |z mschk03 
040 |a STUSCHK1  |b slo  |c STUSCHK1  |e AACR2 
100 1 |a Vaňková, Katarína 
245 1 |a Adsorpčná rovnováha fruktozyltransferázy na slabom anexe 
260 |a Bratislava  |b STU FCHPT  |c 2006 
300 |a 68 s.  |b tab.,grafy, lit. + CD-ROM 
500 |a Obháj.: 6.6. 2006 
500 |a Špec.: Chemické inžinierstvo 
500 |a Ústav chemického a environmentálneho inžinierstva 
910 |a SCHK95 
999 |c 331  |d 331